000
00337nam a2200133Ia 4500
008
151213s9999 xx 000 0 und d
100
_a
Friends Books
245
_a
Toni Morrisum :The Bluest Eye
_c
Friends Books
260
_a
Dhaka
_b
Friends Book
300
_a
3534 p.
650
_a
English
700
_a
Friends Books
999
_c
2340
_d
2340